000 01449cam a22003134a 4500
999 _c329695
_d329695
001 13104764
003 NUST
005 20170518114250.0
008 030226s2003 paua b 101 0 eng
010 _a 2003044447
020 _a0803134576
040 _aDLC
_cDLC
_dDLC
042 _apcc
050 0 0 _aTH2235
_b.S96 2001
082 0 0 _a690.12 JOH
_221
111 2 _aSymposium on Performance Building Walls
_d(2001 :
_cPhoenix, Ariz.)
_91044
245 1 0 _aPerformance of exterior building walls /
_cPaul G. Johnson, editor.
260 _aWest Conshohocken, PA :
_bASTM,
_cc2003.
300 _avii, 287 p. :
_bill. ;
_c24 cm.
490 1 _aSTP ;
_v1422
500 _a"The Symposium on Performance of Exterior Building Walls was held in Phoenix, Arizona on 31 March-1 April 2001"--foreword.
500 _a"ASTM stock number: STP1422."
504 _aIncludes bibliographical references and index.
650 0 _aExterior walls
_vCongresses.
_91045
700 1 _aJohnson, Paul G.,
_d1949-
_91046
830 0 _aASTM special technical publication ;
_v1422.
_91047
856 4 1 _3Table of contents
_uhttp://www.loc.gov/catdir/toc/fy041/2003044447.html
906 _a7
_bcbc
_corignew
_d1
_eocip
_f20
_gy-gencatlg
942 _2ddc
_cBK